000
00312nam a2200157Ia 4500
100
_a
Rao/S.
250
_a
5
942
_c
BK
654
_a
Testing commissioning operation
245
_a
Testing
260
_b
Khanna pub.
_c
1994
082
_a
621.3
_b
RAO
300
_a
1362
546
_a
ENGLISH
999
_c
25430
_d
25430